Kúpa podniku alebo jeho časti

Kúpa podniku a jeho časti z pohľadu účtovníctva, ako jedna z možných podnikových kombinácií, ktorá môže nastať v účtovnej jednotke podľa slovenskej právnej úpravy.

Gespeichert in:
Bibliographische Detailangaben
1. Verfasser: Ondrušová, Lucia, 1981-
Format: Buchkapitel
Sprache:Slowakisch
Schlagworte:
Tags: Tag hinzufügen
Keine Tags, Fügen Sie das erste Tag hinzu!

MARC

LEADER 00000naa$a2200000$$$4500
001 0067037
005 20240502071812.6
041 0 |a slo 
044 |a SK 
245 1 0 |a Kúpa podniku alebo jeho časti  |c Lucia Ondrušová 
520 |a Kúpa podniku a jeho časti z pohľadu účtovníctva, ako jedna z možných podnikových kombinácií, ktorá môže nastať v účtovnej jednotke podľa slovenskej právnej úpravy. 
610 2 0 |a kúpa 
610 2 0 |a podnik 
610 2 0 |a zákonník obchodný 
610 2 0 |a úpravy právne 
610 2 0 |a účtovníctvo 
610 2 0 |a oceňovanie 
610 2 0 |a majetok 
610 2 0 |a záväzky 
610 2 0 |a hodnota reálna 
610 2 0 |a goodwill 
100 1 |a Ondrušová, Lucia, 1981-